000
00335nam a22001337a 4500
005
20260311165714.0
008
260311b |||||||| |||| 00| 0 eng d
041
_a
eng
082
_a
344.54046
245
_a
MINES CRECHE RULES 1966 (ACT NO.35 OF 1952)
260
_a
DHANBAD
_b
LOVELY PRAKASHAN
_c
2025
650
_a
MINING
942
_c
BK
999
_c
9086
_d
9084